The price of a perfect baby /

Bibliographic Details
Main Author: Anderson, Bruce, 1946-
Format: Book
Language:English
Published: Minneapolis, Minn. : Bethany House Publishers, [1984]
Subjects:

MARC

Tag First Indicator Second Indicator Subfields
LEADER 00000pam a2200000 a 4500
001 in00000547310
005 20151014053211.0
008 831024s1984 mnu b 00010 eng
010 |a  83022382  
020 |a 0871234262 (pbk.) :  |c $4.95 
035 |a (OCoLC)10099058 
035 |9 ACK1746AM 
039 0 |a 2  |b 3  |c 3  |d 3  |e 3 
040 |a DLC  |c DLC  |d TXA  |d UtOrBLW 
049 |a TXAM 
050 0 0 |a QH442  |b .A523 1984 
082 0 |a 174/.25  |2 19 
100 1 |a Anderson, Bruce,  |d 1946- 
245 1 4 |a The price of a perfect baby /  |c Bruce L. Anderson ; [foreword Tim LaHaye]. 
264 1 |a Minneapolis, Minn. :  |b Bethany House Publishers,  |c [1984] 
264 4 |c ©1984 
300 |a 190 pages ;  |c 21 cm. 
336 |a text  |b txt  |2 rdacontent 
337 |a unmediated  |b n  |2 rdamedia 
338 |a volume  |b nc  |2 rdacarrier 
500 |a Revised edition of: Let us make man. c1980. 
504 |a Includes bibliographical references. 
650 0 |a Genetic engineering. 
650 0 |a Genetic engineering  |x Moral and ethical aspects. 
700 1 |a Anderson, Bruce,  |d 1946-  |t Let us make man. 
999 |a MARS 
999 f f |s eb743f7a-1787-3c8a-978f-1e4565f4b6be  |i 68f67afe-8243-3281-a519-1409ee56e91c  |t 0 
952 f f |p ric  |a Texas A&M University  |b Rellis Campus  |c Joint Library Facility  |d Remote Storage  |t 0  |e QH442 .A523 1984  |h Library of Congress classification  |i unmediated -- volume  |m A14825032215 
998 f f |a QH442 .A523 1984  |t 0  |l Remote Storage